ICCA Championship Schools - Statistics

General Stats
  • This quiz has been taken 16 times
  • The average score is 9 of 15
Answer Stats
School Name Group Name Championships % Correct
University of Maryland, College Park Faux Paz 2021
100%
University of Michigan Compulsive Lyres 2002
100%
University of Southern California The SoCal VoCals 2008, 2010, 2012, 2015, 2018
100%
Brigham Young University Vocal Point 2006
80%
New York University N'Harmonics 2019
80%
University of California, Berkeley UC Men's Octet 1998, 2000
80%
University of North Carolina at Chapel Hill Loreleis 1996
80%
Berklee College of Music Pitch Slapped 2011, 2014
60%
Northeastern University The Nor'easters 2013, 2017
60%
Stanford University Talisman 1997
60%
Boston University The Dear Abbeys 2005
40%
Imperial College London The Techtonics 2016
20%
Millikin University Chapter 6 2001
20%
Mt. San Antonio College Fermata Nowhere 2009
20%
State University of New York at Binghamton Crosbys 2003
20%
No matching quizzes found
Score Distribution
Percent of People with Each Score
Percentile by Number Answered
Your Score History
You have not taken this quiz